Datum a čas kvízu
31
Celkem bodů
Celkový počet nahraných bodů na tomto kvízu bez doplňovacích otázek.
4.
Pořadí na kvízu
Konečné umístění týmu na tomto kvízu.
Zaznamenané odpovědi
| # | Otázka | Odpověď | Body | Výsledky |
|---|---|---|---|---|
| 1. | Ministr zahraničí České republ... | Madeleine Albrightová | 1 | |
| 2. | Dvaaosmdesátiletý prezident Ab... | Alžírsko | 0 | |
| 3. | Ve finské Heinole se koná MS v... | Žár | 0 | |
| 4. | Od 11. do 17. března proběhl n... | Týden mozku | 0 | |
| 5. | Slavný holandský kouč, bývalý... | Louis van Gaal | 0 | |
| 1. | Začneme seriály Breaking Bad (... | metamfetamin | 1 | |
| 2. | Seriál The Crown, popisující ž... | na území Řecka | 0 | |
| 3. | Jak se nazývá velké anglické m... | Birmingham | 0 | |
| 4. | Herečku Robin Wrightovou, jedn... | Forrest Gump | 1 | |
| 5. | Ve filmech jako Tmavomodrý svě... | David Novotný | 0 |